00422nam a2200109Ia 4500008004100000100002600041245011500067260003000182300001800212650001400230856006800244160712s9999 xx 000 0 und d aBumanglag, Carolyn A. cCarolyn A. Bumanglag, Dina OcampoaLiteracy Practices and Constructions Among Migrant Muslim Filipino Families c2011bEducation Quarterly avol. 69 no. 1 xEDUCATION uhttp://journals.upd.edu.ph/index.php/edq/article/view/2901/2675